01669nam a2200385 a 4500001001200000003000800012006001900020007001500039008004100054010001700095020004200112020003900154040002100193035002100214041001800235050002300253082001600276245018700292260003800479300004900517490005200566504005100618504005400669533015200723546004900875650005300924650001900977655002900996700001901025700002801044700003101072710001701103830003701120856012601157ebr10271070CaPaEBRm u cr cn|||||||||071108s2007 ne abf sb 011 0 eng  z 2007046055 z9789004162860 (hardback : alk. paper) z9004162860 (hardback : alk. paper) aCaPaEBRcCaPaEBR a(OCoLC)6467899110 aengafreager14aN7850b.M38 2007eb04a709/.0222204aThe material and the idealh[electronic resource] :bessays in medieval art and archaeology in honour of Jean-Michel Spieser /cedited by Anthony Cutler and Arietta Papaconstantinou. aLeiden ;aBoston :bBrill,c2007. avi, 240 p., [55] p. of plates :bill., maps.1 aThe medieval Mediterranean,x0928-5520 ;vv. 70 aIncludes bibliographical references and index. a"Publications by Jean-Michel Speiser": p. [9]-14. aElectronic reproduction.bPalo Alto, Calif. :cebrary,d2013.nAvailable via World Wide Web.nAccess may be limited to ebrary affiliated libraries. aContributions in English, French, or German. 0aChristian art and symbolismyMedieval, 500-1500. 0aArt, Medieval. 7aElectronic books.2local1 aSpieser, J.-M.1 aCutler, Anthony,d1934-1 aPapaconstantinou, Arietta.2 aebrary, Inc. 0aMedieval Mediterranean ;vv. 70.40uhttp://site.ebrary.com/lib/rucke/Doc?id=10271070zAn electronic book accessible through the World Wide Web; click to view